রক্তঝরা নভেম্বর ১৯৭৫ /

Author's memoirs of 1975 political conspiracy in Bangladesh and assassination of Sheikh Mujibur Rahman, 1922-1975, first president of Bangladesh.

Bibliografske podrobnosti
Glavni avtor: গুন, নির্মলেন্দু
Format: Knjiga
Jezik:Bengali
Izdano: ঢাকা : সময় প্রকাশন, ১৯৯৭.
Teme:
Classic Catalogue: View this record in Classic Catalogue
LEADER 01700nam a2200313 a 4500
001 6875
003 BD-DhAAL
005 20250618105839.0
008 151101s1997 bg 000 0dbeno
010 |a  97904159  
020 |a 9844581214 
040 |a DLC  |c DLC  |d DLC  |d BD-DhAAL 
041 |a ben 
050 0 0 |a DS395.5  |b .G66 1997 
082 |a 954.91040924 
100 1 |a গুন, নির্মলেন্দু.  |9 17736 
245 1 0 |a রক্তঝরা নভেম্বর ১৯৭৫ /  |c নির্মলেন্দু গুন. 
260 |a ঢাকা :  |b সময় প্রকাশন,  |c ১৯৯৭. 
300 |a ৭০ পৃ. ;  |c ২২ সে.মি.. 
520 |a Author's memoirs of 1975 political conspiracy in Bangladesh and assassination of Sheikh Mujibur Rahman, 1922-1975, first president of Bangladesh. 
541 |e 6875 
546 |a In Bengali. 
600 0 0 |a Mujibur Rahman,  |c Sheikh,  |d 1920-1975  |x Assassination.  |9 15864 
651 0 |a Bangladesh  |x Politics and government  |y 1971.  |9 15866 
942 |2 ddc  |c BK 
999 |c 35981  |d 35981 
952 |0 0  |1 0  |2 ddc  |4 0  |6 954_910409240000000_GUN  |7 0  |9 56533  |a SCL  |b SCL  |c GEN  |d 2015-11-01  |g 38.00  |l 1  |o 954.91040924 GUN  |p 3020006875  |r 2019-05-18  |s 2019-05-16  |t 1  |w 2015-11-01  |y BK 
952 |0 0  |1 0  |2 ddc  |4 0  |6 954_910409240000000_GUN  |7 0  |9 61530  |a BRACUL  |b BRACUL  |c BNC  |d 2015-11-01  |e Development Book Agency  |g 125.00  |l 6  |m 12  |o 954.91040924 GUN  |p 3010032220  |r 2025-05-14  |s 2025-04-06  |t 2  |v 125.00  |w 2015-11-01  |y BK 
952 |0 0  |1 0  |2 ddc  |4 0  |6 954_910409240000000_GUN  |7 0  |9 61531  |a BRACUL  |b BRACUL  |c BNC  |d 2015-11-01  |e Development Book Agency  |g 125.00  |l 1  |o 954.91040924 GUN  |p 3010032221  |q 2025-07-02  |r 2025-06-18  |s 2025-06-18  |t 3  |v 125.00  |w 2015-11-01  |y BK  |x Koha Inventory 2020